Caracterización del uso, aprovechamiento y manejo de recursos de biodiversidad en la región del municipio de Ráquira, Boyacá (Registro nro. 4545)

Detalles MARC
000 -CABECERA
Campo de control 00757nam a2200205 a 4500
005 - FECHA Y HORA DE LA ULTIMA TRANSACCION
Campo de control 20140123115444.0
008 - ELEMENTOS DE LONGITUD FIJA—INFORMACION GENERAL
Campo de control 131112b2004 ck ||||| |||| 00| 0 spa d
041 ## - IDIOMA
Código de idioma para texto/pista de sonido o título separado Español
044 ## - PAÍS DE PUBLICACIÓN
País de publicación Colombia
090 ## - CLASIFICACIÓN LOCAL
Colección IAVH
Consecutivo 00348
100 ## - ASIENTO PRINCIPAL--NOMBRE PERSONAL
Nombre personal Díaz Manzano, Diego Mauricio
245 ## - MENCION DE TITULO
Título Caracterización del uso, aprovechamiento y manejo de recursos de biodiversidad en la región del municipio de Ráquira, Boyacá
260 ## - PUBLICACION, DISTRIBUCION, ETC. (PIE DE IMPRENTA)
Lugar de publicación, distribución, etc. Villa de Leyva
Nombre del editor, distribuidor, etc. Instituto de Investigación de Recursos Biológicos Alexander von Humboldt
Fecha de publicación, distribución, etc. 2004
300 ## - DESCRIPCION FISICA
Extensión 38 p.
Otros detalles físicos il.
Dimensiones 28 cm.
650 ## - ASIENTO SECUNDARIO DE MATERIA - TERMINO TEMATICO
Término temático o nombre geográfico como elemento de entrada Biodiversidad
Subdivisión general Usos y aprovechamiento
650 ## - ASIENTO SECUNDARIO DE MATERIA - TERMINO TEMATICO
Término temático o nombre geográfico como elemento de entrada Recursos Naturales
662 ## - ASIENTO SECUNDARIO DE MATERIA - JERARQUIA DEL NOMBRE DE LUGAR(
País o entidad mayor Colombia
Jurisdicción política de primer orden Boyacá
Jurisdicción política intermedia Ráquira (Municipio)
942 ## - ELEMENTOS ADICIONALES (KOHA)
Tipo de ítem Impreso
Sistema de clasificación Local
945 ## - PROCESAMIENTO LOCAL
AAAA-MM-DD - Fecha de ingreso o modificacion 2005-06-13
Existencias
Withdrawn status Lost status Sistema de Clasificación Damaged status No para préstamo Colección Inventariado Ubicación Permanente Ubicación actual Fecha de adquisición Total Checkouts Número topográfico Inventario / Código de Barras Date last seen Ejemplar Price effective from Forma de adquisición Tipo de material
    Local     Humboldt Inventariado 2017 Bogotá Bogotá 12/11/2013   IAVH-00348 059265 09/08/2024 Ej. 1 12/11/2013 Institucional Informe Técnico